| 000 | 01085nam a2200301Ia 4500 | ||
|---|---|---|---|
| 003 | OSt | ||
| 005 | 20221007123335.0 | ||
| 006 | a|||||r|||| 00| 0 | ||
| 007 | ta | ||
| 008 | 221006b |||||||| |||| 00| 0 eng d | ||
| 020 |
_a0074604015 (pbk) _cRs.150.00 |
||
| 024 | _a8618 | ||
| 037 |
_bN R Book, _cTextual |
||
| 040 |
_aPAPL _cPAPL _beng |
||
| 041 |
_2eng _aeng |
||
| 082 | _aD65,8(B)92CL, N2 | ||
| 100 | _aBalagurusamy E | ||
| 245 | 0 | _aProgramming in ANSI C by E Balagurusamy | |
| 250 | _aEd 2 | ||
| 260 |
_aNew _bDelhi Tata McGraw-Hill Publishing Company Limited _c1992 |
||
| 300 |
_axi,411p _ccm. |
||
| 500 | _aAppendix I-III, 393-403p; Bibliography p404; Index 405-411p; ^n23/CSL/CARPA/2001-2002/360^d2001-10-07^mPurchase; ; 2001-2002/235^b2001-10-23^c059/01^d2001-10-10^eRs.1,476.00^fN R Book Distributors; ; 2001-01-03^bSB^c2002-02-15^dRPS | ||
| 650 |
_a C _9717115 |
||
| 650 |
_a Programming language _9713700 |
||
| 650 | _aComputer science | ||
| 942 |
_hD65,8(B)92CL, N2 _cTEXL _2CC |
||
| 999 |
_c1211720 _d1211720 |
||